Statistics for Just Dance 1-2024 Song Quiz (Part 2)

Click here to take the quiz!

General Stats

  • This quiz has been taken 39 times
    (7 since last reset)
  • The average score is 128 of 317

Answer Stats

HintGameAnswer% Correct
Dua LipaJUST DANCE 2019New Rules
100%
Zedd & Katy PerryJUST DANCE 2020365
50%
Ariana GrandeJUST DANCE 20207 Rings
50%
LizzoJUST DANCE 2023 EDITION+About Damn Time
50%
Ece SeçkinJUST DANCE 2019Adeyyo
50%
Harry StylesJUST DANCE 2021Adore You
50%
Julien Granel & Lena SituationsJUST DANCE 2022 UNLIMITEDA la Folie
50%
Claude François
(Jérôme Francis)
JUST DANCE 2021Alexandrie Alexandra
50%
Fergie ft. Q-Tip & GoonRock ()JUST DANCE 2019A Little Party Never Killed Nobody (All We Got)
50%
Billie EillishJUST DANCE 2021all the good girls go to hell
50%
Kendrick Lamar & SZAJUST DANCE 2021 UNLIMITEDAll The Stars
50%
CLiQ ft. Ms Banks and AlikaJUST DANCE 2023 EDITIONAnything I Do
50%
Gloria GrooveJUST DANCE 2024 EDITIONA Queda
50%
Harry StylesJUST DANCE 2023 EDITIONAs It Was
50%
Disney's AladdinJUST DANCE 2024 EDITION+A Whole New World
50%
PinkfongJUST DANCE 2020Baby Shark
50%
Billie EillishJUST DANCE 2020Bad Guy
50%
Ed SheeranJUST DANCE 2022 UNLIMITEDBad Habits
50%
BakermatJUST DANCE 2022Baiana
50%
Skrillex ft. SirahJUST DANCE 2020Bangarang
50%
NettaJUST DANCE 2020Bassa Sababa
50%
ManeskinJUST DANCE 2023 EDITION+Beggin'
50%
Imagine DragonsJUST DANCE 2022Believer
50%
aespaJUST DANCE 2022Black Mamba
50%
The WeekndJUST DANCE 2021Blinding Lights
50%
Lady GagaJUST DANCE 2023 EDITION+Bloody Mary
50%
BLACKPINKJUST DANCE 2022BOOMBAYAH
50%
Doja Cat (Skarlett Claw)JUST DANCE 2022Boss Witch
50%
LizzoJUST DANCE 2019 UNLIMITEDBoys
50%
PinkPantheress ft. Ice SpiceJUST DANCE 2024 EDITION+Boys a Liar Pt. 2
50%
BTS ft. HalseyJUST DANCE 2023 EDITIONBoy With Luv
50%
Dua LipaJUST DANCE 2022 UNLIMITEDBreak My Heart
50%
EvanescenceJUST DANCE 2023 EDITIONBring Me To Life
50%
Bella PoarchJUST DANCE 2022Build a B****
50%
MC Fioti, Future, J Balvin, Stefflon Don, & Juan MaganJUST DANCE 2019Bum Bum Tam Tam
50%
GTA & Jenn MorelJUST DANCE 2021Buscando
50%
BTSJUST DANCE 2024 EDITIONButter
50%
The Pussycat Dolls ft. Snoop DoggJUST DANCE 2022Buttons
50%
RemaJUST DANCE 2024 EDITIONCalm Down
50%
JamiroquaiJUST DANCE 2024 EDITIONCanned Heat
50%
Zara LarssonJUST DANCE 2024 EDITIONCan't Tame Her
50%
Plastic Bertrand (Bob Patine)JUST DANCE 2019Ca Plane Pour Moi
50%
El ChomboJUST DANCE 2022Chacarron
50%
Wet LegJUST DANCE 2024 EDITIONChaise Longue
50%
SiaJUST DANCE 2022Chandelier
50%
Anuel AA, Daddy Yankee, Karol G, Ozuna & J BalvinJUST DANCE 2022China
50%
2NE1JUST DANCE 2021 UNLIMITEDCome Back Home
50%
ROSALÍA & J Balvin ft. El GuinchoJUST DANCE 2020Con Altura
50%
Daddy Yankee ft. SnowJUST DANCE 2020Con Calma
50%
Sub UrbanJUST DANCE 2024 EDITIONCradles
50%
G-DragonJUST DANCE 2020 UNLIMITEDCrayon
50%
Natti Natasha & OzunaJUST DANCE 2019 UNLIMITEDCriminal
50%
AURORAJUST DANCE 2024 EDITIONCure For Me
50%
AshnikkoJUST DANCE 2022 UNLIMITEDDaisy
50%
Tones And IJUST DANCE 2021Dance Monkey
50%
Electric SixJUST DANCE 2023 EDITIONDanger! High Voltage
50%
K3JUST DANCE 2021 UNLIMITEDDans van de Farao
50%
BLACKPINKJUST DANCE 2019Ddu-du Ddu-du
50%
ROSALIAJUST DANCE 2024 EDITIONDESPECHA
50%
DJ Fresh & Jay Fay ft. Ms. DynamiteJUST DANCE 2021Dibby Dibby Sound
50%
Aya NakamuraJUST DANCE 2020 UNLIMITEDDjadja
50%
UsherJUST DANCE 2023 EDITION+DJ Got Us Fallin' In Love
50%
MabelJUST DANCE 2020 UNLIMITEDDon't Call Me Up
50%
The Pussycat Dolls ft. Busta RhymesJUST DANCE 2024 EDITIONDon't Cha
50%
Camila CabelloJUST DANCE 2022Don't Go Yet
50%
Dua LipaJUST DANCE 2021Don't Start Now
50%
Olivia RodrigoJUST DANCE 2023 EDITIONdriver's license
50%
K/DA ft. Aluna, Wolftyla, and Bekuh BOOMJUST DANCE 2021 UNLIMITEDDRUM GO DUM
50%
BTSJUST DANCE 2023 EDITIONDynamite
50%
LoreenJUST DANCE 2023 EDITION+Euphoria
50%
Backstreet Boys
(Millennium Alert) ()
JUST DANCE 2020Everybody (Backstreet's Back)
50%
Liam Payne & J BalvinJUST DANCE 2019Familiar
50%
TWICEJUST DANCE 2020FANCY
50%
SangiovanniJUST DANCE 2023 EDITION+farfalle
50%
TWICEJUST DANCE 2021Feel Special
50%
Bruno Mars ft. Cardi B.JUST DANCE 2019Finesse (Remix)
50%
Bilal Hassani ft. Sundy Jules, Paola Locatelli, and Sulivan GwedJUST DANCE 2021 UNLIMITEDFlash
50%
Pabllo Vittar ft. Charli XCXJUST DANCE 2022Flash Pose
50%
Miley CyrusJUST DANCE 2024 EDITIONFlowers
50%
Madison BeerJUST DANCE 2022 UNLIMITEDFollow The White Rabbit
50%
GalaJUST DANCE 2022Freed From Desire
50%
Meghan TrainorJUST DANCE 2022Funk
50%
KOYOTIEJUST DANCE 2020Get Busy
50%
Britney SpearsJUST DANCE 2024 EDITIONGimme More
50%
Black Eyed Peas & ShakiraJUST DANCE 2022Girl Like Me
50%
SubwoolferJUST DANCE 2023 EDITION+Give That Wolf a Banana
50%
Ariana GrandeJUST DANCE 2020God is a Woman
50%
Olivia RodrigoJUST DANCE 2022good 4 u
50%
Charli XCXJUST DANCE 2023 EDITIONGood Ones
50%
Tate McRaeJUST DANCE 2024 EDITION+greedy
50%
Billie EillishJUST DANCE 2022Happier Than Ever
50%
Camila CabelloJUST DANCE 2019Havana
50%
Joel Corry ft. MNEKJUST DANCE 2021 UNLIMITEDHead & Heart
50%
DreamersJUST DANCE 2021Heat Seeker
50%
Glass AnimalsJUST DANCE 2023 EDITIONHeat Waves
50%
Panic! at the DiscoJUST DANCE 2020High Hopes
50%
Gwen StefaniJUST DANCE 2024 EDITION+Hollaback Girl
50%
BLACKPINKJUST DANCE 2024 EDITIONHow You Like That
50%
SevdalizaJUST DANCE 2022Human
50%
Dizzee Rascal & Calvin HarrisJUST DANCE 2020 UNLIMITEDHype
50%
Fall Out BoyJUST DANCE 2024 EDITIONI Am My Own Muse
50%
2NE1JUST DANCE 2020I Am The Best
50%
BLACKPINK & Selena GomezJUST DANCE 2021Ice Cream
50%
Ed Sheeran & Justin BieberJUST DANCE 2020I Don't Care
50%
The WeekndJUST DANCE 2019I Feel It Coming
50%
The Just DancersJUST DANCE 2023 EDITIONIf You Wanna Party
50%
Cardi B, Bad Bunny & J BalvinJUST DANCE 2020I Like It
50%
David Guetta & Bebe Rexha ()JUST DANCE 2024 EDITIONI'm Good (Blue)
50%
Sam SmithJUST DANCE 2024 EDITIONI'm Not Here To Make Friends
50%
AnastaciaJUST DANCE 2022I'm Outta Love
50%
Village People
(The Sunlight Shakers)
JUST DANCE 2021In The Navy
50%
Disney's Frozen 2JUST DANCE 2020Into The Unknown
50%
MichouJUST DANCE 2023 EDITION+Jamais Lacher
50%
Master KG ft. Nomcebo ZikodeJUST DANCE 2022Jerusalema
50%
SuperMJUST DANCE 2022Jopping
50%
Lady GagaJUST DANCE 2022Judas
50%
LizzoJUST DANCE 2021Juice
50%
Imagination
(Equinox Stars)
JUST DANCE 2020Just An Illusion
50%
NCT 127JUST DANCE 2021Kick It
50%
SZAJUST DANCE 2024 EDITIONKill Bill
50%
BLACKPINKJUST DANCE 2020Kill This Love
50%
Doja Cat & SZAJUST DANCE 2022 UNLIMITEDKiss Me More
50%
Gen HoshiroJUST DANCE 2022 UNLIMITEDKoi
50%
ApasheJUST DANCE 2021Lacrimosa
50%
Katy Perry ()JUST DANCE 2022Last Friday Night (T.G.I.F.)
50%
La Compagnie Créole (Dr. Creole)JUST DANCE 2020Le Bal Masque
50%
CiaraJUST DANCE 2022Level Up
50%
Dua LipaJUST DANCE 2022Levitating
50%
Bruno MarsJUST DANCE 2023 EDITIONLocked Out of Heaven
50%
Zara LarssonJUST DANCE 2023 EDITIONLove Me Land
50%
Taylor Swift ()JUST DANCE 2022Love Story (Taylor's Version)
50%
Zara LarssonJUST DANCE 2019 UNLIMITEDLush Life
50%
Becky G. ft. Sean PaulJUST DANCE 2019Mad Love
50%
DJ SnakeJUST DANCE 2021Magenta Riddim
50%
Kylie MinogueJUST DANCE 2023 EDITIONMagic
50%
Stella MwangiJUST DANCE 2020MA ITU
50%
Apashe ft. WasiuJUST DANCE 2023 EDITIONMajesty
50%
JainJUST DANCE 2024 EDITIONMakeba
50%
Kim PetrasJUST DANCE 2022 UNLIMITEDMalibu
50%
Becky G ft. Bad BunnyJUST DANCE 2019 UNLIMITEDMayores
50%
AnittaJUST DANCE 2019 UNLIMITEDMedicina
50%
Ava MaxJUST DANCE 2023 EDITIONMillion Dollar Baby
50%
EXOJUST DANCE 2021 UNLIMITEDMonster
50%
Lil Nas X ()JUST DANCE 2022 UNLIMITEDMontero (Call Me By Your Name)
50%
24kGoldn ft. Iann DiorJUST DANCE 2022Mood
50%
K/DA ft. Madison Beer, (G)-IDLE, Lexie Liu, Seraphine, Jaira BurnsJUST DANCE 2023 EDITIONMORE
50%
Electric Light Orchestra
(The Sunlight Shakers)
JUST DANCE 2022Mr. Blue Sky
50%
D BillionsJUST DANCE 2024 EDITIONMy Name Is
50%
Domino SaintsJUST DANCE 2022My Way
50%
Todrick HallJUST DANCE 2022Nails, Hair, Hips, Heels
50%
Blasterjaxx & Timmy TrumpetJUST DANCE 2019Narco
50%
Flume ft. KaiJUST DANCE 2024 EDITIONNever Be Like You
50%
Krewella & Yellow Claw ft. VAVAJUST DANCE 2019New World
50%
Ariana GrandeJUST DANCE 2019No Tears Left To Cry
50%
Linkin ParkJUST DANCE 2023 EDITIONNumb
50%
Lil Nas X ft. Billy Ray CyrusJUST DANCE 2020Old Town Road
50%
Arash ft. Snoop DoggJUST DANCE 2019OMG
50%
Dua Lipa ft. Calvin HarrisJUST DANCE 2019One Kiss
50%
McFly & CarlitoJUST DANCE 2019 UNLIMITEDOn Ne Porte Pas De Sous-Vetements
50%
The Just Dance BandJUST DANCE 2021Paca Dance
50%
Dancing Bros.JUST DANCE 2019Pac-Man
50%
Lil Nas XJUST DANCE 2020 UNLIMITEDPanini
50%
GalantisJUST DANCE 2019 UNLIMITEDPeanut Butter Jelly
50%
Dua LipaJUST DANCE 2023 EDITIONPhysical
50%
Bea MillerJUST DANCE 2023 EDITIONPlayground
50%
Eva Simons ft. KonshensJUST DANCE 2020Policeman
50%
K/DA, Madison Beer &
(G)I-DLE ft. Jaira Burns
JUST DANCE 2022POP/STARS
50%
Ariana GrandeJUST DANCE 2022 UNLIMITEDPositions
50%
Zara LarssonJUST DANCE 2022Poster Girl
50%
Karol GJUST DANCE 2023 EDITION+Provenza
50%
Red VelvetJUST DANCE 2023 EDITIONPsycho
50%
Imagine DragonsJUST DANCE 2023 EDITIONRadioactive
50%
Lady Gaga & Ariana GrandeJUST DANCE 2021Rain On Me
50%
Pitbull ft. Marc AnthonyJUST DANCE 2020Rain Over Me
50%
Selena GomezJUST DANCE 2021Rare
50%
Clean Bandit ft. Jess GlynneJUST DANCE 2023 EDITIONRather Be
50%
AronChupa ft. Little Sis NoraJUST DANCE 2019Rave in the Grave
50%
Justin TimberlakeJUST DANCE 2022Rock Your Body
50%
Galantis ()JUST DANCE 2021Runaway (U & I)
50%
Beyonce ()JUST DANCE 2022Run the World (Girls)
50%
The WeekndJUST DANCE 2023 EDITION+Sacrifice
50%
Pharrel Williams & Camila CabelloJUST DANCE 2019Sangria Wine
50%
The Weeknd & Ariana Grande ()JUST DANCE 2022Save Your Tears (Remix)
50%
ATEEZJUST DANCE 2024 EDITIONSay My Name
50%
Doja CatJUST DANCE 2021Say So
50%
Shawn Mendes & Camila CabelloJUST DANCE 2021Senorita
50%
Jungkook ft. LattoJUST DANCE 2024 EDITIONSeven
50%
Lisa PacJUST DANCE 2022 UNLIMITEDShoutout
50%
RuPaulJUST DANCE 2023 EDITIONSissy That Walk
50%
Little BigJUST DANCE 2020Skibidi
50%
ChanelJUST DANCE 2023 EDITION+SloMo
50%
Bronski BeatJUST DANCE 2022Smalltown Boy
50%
Bomba EstereoJUST DANCE 2020Soy Yo
50%
The Kid Laroi & Justin BieberJUST DANCE 2023 EDITIONStay
50%
Ayo & TeoJUST DANCE 2022Stop, Drop, Roll
50%
Kelly Clarkson ()JUST DANCE 2024 EDITIONStronger (What Doesn't Kill You)
50%
Lady GagaJUST DANCE 2021 UNLIMITEDStupid Love
50%
Major Lazer ft. Anitta & Pabllo VittarJUST DANCE 2022Sua Cara
50%
Jonas BrothersJUST DANCE 2020 UNLIMITEDSucker
50%
Maroon 5JUST DANCE 2019Sugar
50%
Nicky Youre & dazyJUST DANCE 2023 EDITION+Sunroof
50%
Destiny's ChildJUST DANCE 2024 EDITIONSurvivor
50%
Merk & KremontJUST DANCE 2020Sushi
50%
Ava MaxJUST DANCE 2023 EDITIONSweet but Psycho
50%
Flo RidaJUST DANCE 2019Sweet Sensation
50%
DJ Snake ft. Selena Gomez, Ozuna, Cardi BJUST DANCE 2020Taki Taki
50%
KhalidJUST DANCE 2020Talk
50%
Lady Gaga ft. BeyonceJUST DANCE 2023 EDITIONTelephone
50%
Sean PaulJUST DANCE 2021Temperature
50%
Ariana GrandeJUST DANCE 2023 EDITION+thank u, next
50%
SZA & Justin TimberlakeJUST DANCE 2021The Other Side
50%
Billie EillishJUST DANCE 2023 EDITIONTherefore I Am
50%
The Black Eyed Peas ()JUST DANCE 2020The Time (Dirty Bit)
50%
Michael GrayJUST DANCE 2021The Weekend
50%
Daði FreyrJUST DANCE 2022Think About Things
50%
Britney Spears (The Girly Team)JUST DANCE 2021Till The World Ends
50%
Bad BunnyJUST DANCE 2024 EDITIONTiti Me Pregunto
50%
Britney Spears (Remake)JUST DANCE 2023 EDITIONToxic
50%
NettaJUST DANCE 2019Toy
50%
Bruno MarsJUST DANCE 2024 EDITIONTreasure
50%
KAROL G and Nicki MinajJUST DANCE 2021 UNLIMITEDTusa
50%
Jolin TsaiJUST DANCE 2020Ugly Beauty
50%
Little BigJUST DANCE 2021UNO
50%
Disney's CocoJUST DANCE 2019Un Poco Loco
50%
Da PumpJUST DANCE 2021 UNLIMITEDU.S.A.
50%
Olivia RodrigoJUST DANCE 2024 EDITIONvampire
50%
K3JUST DANCE 2023 EDITION+Vleugels
50%
XS ProjectJUST DANCE 2020Vodovorot
50%
Lele Pons ft. Susan Diaz & Victor CardenasJUST DANCE 2021Volar
50%
Katrina and the Waves
(Top Culture)
JUST DANCE 2023 EDITIONWalking on Sunshine
50%
ITZYJUST DANCE 2023 EDITIONWANNABE
50%
Little MixJUST DANCE 2024 EDITIONWasabi
50%
Major Lazer ft. Busy Signal, The Flexican and FS Green ()JUST DANCE 2023 EDITIONWatch Out For This (Bumaye)
50%
LizzoJUST DANCE 2019Water Me
50%
K3JUST DANCE 2022 UNLIMITEDWaterval
50%
Disney's EncantoJUST DANCE 2023 EDITIONWe Don't Talk About Bruno
50%
Sofi TukkerJUST DANCE 2023 EDITION+Wet Tennis
50%
Disclosure ft. AlunaGeorgeJUST DANCE 2020 UNLIMITEDWhite Noise
50%
RêveJUST DANCE 2024 EDITIONWhitney
50%
Apashe ft. Alina PashJUST DANCE 2023 EDITIONWitch
50%
EminemJUST DANCE 2021Without Me
50%
Doja CatJUST DANCE 2023 EDITIONWoman
50%
Little Mix & Nicki MinajJUST DANCE 2020 UNLIMITEDWoman Like Me
50%
SOFI TUKKER (ft. Kah-Lo)JUST DANCE 2024 EDITIONWoof
50%
The Beach Boys
(The Sunlight Shakers)
JUST DANCE 2023 EDITIONWouldn't It Be Nice
50%
Nicky Jam & J BalvinJUST DANCE 2020 UNLIMITEDX
50%
DJ AbsiJUST DANCE 2021Yameen Yasar
50%
J Balvin & Bad BunnyJUST DANCE 2021YO LE LLEGO
50%
Chilly GonzalesJUST DANCE 2022You Can Dance
50%
Jax Jones ft. RAYEJUST DANCE 2019 UNLIMTEDYou Don't Know Me
50%
Sylvester ()JUST DANCE 2022You Make Me Feel (Mighty Real)
50%
Billie EillishJUST DANCE 2024 EDITIONyou should see me in a crown
50%
ONUKAJUST DANCE 2021Zenit
50%
Disney's HerculesJUST DANCE 2024 EDITION+Zero to Hero
50%
TigermonkeyJUST DANCE 2023 EDITIONZooby Doo
50%
K3JUST DANCE 2020 UNLIMITED10.000 luchtballonnen
0%
Charli XCX & Troye SivanJUST DANCE 2020 UNLIMITED1999
0%
GAYLE ()JUST DANCE 2023 EDITION+abc (nicer)
0%
Banx & Ranx ft. Zach ZoyaJUST DANCE 2024 EDITIONAfter Party
0%
Monty Python (The Frankie Bostello Orchestra)JUST DANCE 2020Always Look on the Bright Side of Life
0%
The Just Dance OrchestraJUST DANCE 2024 EDITIONA Night in the Château de Versailles
0%
Riton & Kah-LoJUST DANCE 2020Bad Boy
0%
Paradisio ft. DJ Patrick SamoyJUST DANCE 2021Bailando
0%
Alex NewellJUST DANCE 2021Boy, you can keep it
0%
Luis Fonsi & Stefflon DonJUST DANCE 2019Calypso
0%
Justin TimberlakeJUST DANCE 2023 EDITIONCan't Stop This Feeling
0%
The TrammpsJUST DANCE 2023 EDITIONDisco Inferno
0%
Charlie Puth ft. KehlaniJUST DANCE 2019 UNLIMITEDDone For Me
0%
TRFJUST DANCE 2020 UNLIMITEDEZ DO DANCE
0%
ChromeoJUST DANCE 2020Fancy Footwork
0%
The StreetsJUST DANCE 2020Fit But You Know It
0%
Tiggs Da AuthorJUST DANCE 2021Georgia
0%
Paul JohnsonJUST DANCE 2021Get Get Down
0%
Tinie Tempah ft. Zara LarssonJUST DANCE 2021 UNLIMITEDGirls Like
0%
Maan BarghouthJUST DANCE 2019 UNLIMITEDHala Bel Khamis
0%
Disney's MulanJUST DANCE 2024 EDITION+I'll Make a Man Out of You
0%
Jacques Offenbach
(The Just Dance Orchestra) ()
JUST DANCE 2020Infernal Galop (Can-Can)
0%
Martin Solveig & GTAJUST DANCE 2021 UNLIMITEDIntoxicated
0%
Andy WilliamsJUST DANCE 2024 EDITIONIt's The Most Wonderful Time of the Year
0%
Whitney Houston ()JUST DANCE 2024 EDITIONI Wanna Dance With Somebody (Who Loves Me)
0%
Sho MadjoziJUST DANCE 2021 UNLIMITEDJohn Cena
0%
Major Lazer ft. Busy SignalJUST DANCE 2019 UNLIMTEDJump
0%
Alan TamJUST DANCE 2019 UNLIMITEDKaraoke Forever
0%
JD McCraryJUST DANCE 2020Keep in Touch
0%
Black CatsJUST DANCE 2021Koone Jhodet
0%
Toño RosarioJUST DANCE 2021Kulikitaka
0%
Becky G and MalumaJUST DANCE 2020 UNLIMITEDLa Respuesta
0%
LULUJUST DANCE 2019 UNLIMITEDLeg Song
0%
SlawomirJUST DANCE 2019Milosc w Zakopanem
0%
Lou and Lenni-KimJUST DANCE 2023 EDITION+Miraculous Official Theme Song
0%
VAVA ft. Ty & Nina WangJUST DANCE 2020My New Swag
0%
Gigi RoweJUST DANCE 2019New Reality
0%
DrakeJUST DANCE 2019 (removed)Nice for What
0%
Stella MwangiJUST DANCE 2019Not Your Ordinary
0%
Naniwa DanshiJUST DANCE 2023 EDITION+Obi Love
0%
AventuraJUST DANCE 2019Obsesion
0%
ATARASHII GAKKOJUST DANCE 2024 EDITION JAPAN EXCLUSIVEOtonablue
0%
Jam HsiaoJUST DANCE 2022 UNLIMITEDPrincess
0%
Daddy YankeeJUST DANCE 2021Que Tire La Pante
0%
Yi Yan/Zhao Fang Jing/Suika Kune/FeizaojunJUST DANCE 2021 UNLIMITEDRainbow Beats
0%
Groove's CenturyJUST DANCE 2024 EDITIONRapper's Delight
0%
AWOLNATIONJUST DANCE 2024 EDITIONSail
0%
Bellini
(Ultraclub 90)
JUST DANCE 2021Samba de Janeiro
0%
The Sunlight ShakersJUST DANCE 2024 EDITIONShine a Little Love
0%
Avril LavigneJUST DANCE 2024 EDITION+sk8er boy
0%
LexaJUST DANCE 2020So Depois De Carnaval
0%
MonatikJUST DANCE 2020 UNLIMITEDSpinning
0%
Royal RepublicJUST DANCE 2020Stop Movin'
0%
Bea MillerJUST DANCE 2019Sweet Little Unforgettable Thing
0%
Omer Adam ft. ArisaJUST DANCE 2020Tel Aviv
0%
Bremenskiye MuzykantyJUST DANCE 2019 UNLIMITEDThere Is Nothing Better In The World
0%
Timbaland ft. Keri Hilson, D.O.E. & SebastianJUST DANCE 2021 UNLIMITEDThe Way I Are
0%
Ariana DeBose (From Disney's Wish)JUST DANCE 2024 EDITIONThis Wish
0%
Shawn MendesJUST DANCE 2023 EDITIONTop of the World
0%
Zdob și Zdub & Advahov BrothersJUST DANCE 2023 EDITION+Trenuletul
0%
Disney's TangledJUST DANCE 2024 EDITION+When Will My Life Begin
0%
Disney-Pixar's Toy StoryJUST DANCE 2021You Got A Friend In Me
0%

Score Distribution

Percentile by Number Answered

Percent of People with Each Score

Your Score History

You have not taken this quiz since the last reset